| 000 | 00339nam a2200109Ia 4500 | ||
|---|---|---|---|
| 008 | 171204s9999 xx 000 0 und d | ||
| 245 | _aLife-span Human Development: | ||
| 245 | _cCarol K. Sigelman and Elizabeth A. Rider | ||
| 260 | _c2014 | ||
| 650 | _xAdvanced Human Development | ||
| 856 | _uhttp://down.ebook777.com/019/LifHumDev8Edi.pdf | ||
| 999 |
_c346873 _d346873 |
||